| 000 | 00503nam a22001697a 4500 | ||
|---|---|---|---|
| 003 | OSt | ||
| 008 | 260428b |||||||| |||| 00| 0 eng d | ||
| 082 |
_a634.44 _bP14E |
||
| 100 | _aKumar, Pankaj | ||
| 245 | _aStudies on The Effect of GA3 and Ethrel on Ripening and Quality Improvement in Mango (Mangifera Indica L.) cv. Amrapali | ||
| 260 |
_aPusa, Samastipur _bRAU _c1992 |
||
| 300 | _a87P. | ||
| 502 |
_bMsc. _d1992 |
||
| 650 | _aFruit & Fruit Technology | ||
| 650 | _aHorticultre | ||
| 942 |
_2ddc _cT |
||
| 999 |
_c50219 _d50219 |
||